The Snail and the Whale / (Record no. 1377)

MARC details
000 -LEADER
fixed length control field 00484nam a22001577a 4500
005 - DATE AND TIME OF LATEST TRANSACTION
control field 20240704140613.0
008 - FIXED-LENGTH DATA ELEMENTS--GENERAL INFORMATION
fixed length control field 240704b |||||||| |||| 00| 0 eng d
020 ## - INTERNATIONAL STANDARD BOOK NUMBER
International Standard Book Number 9781529017212
040 ## - CATALOGING SOURCE
Original cataloging agency KMU
Transcribing agency KMU
Modifying agency KMU
Description conventions rda
050 ## - LIBRARY OF CONGRESS CALL NUMBER
Classification number PZ7.D7245
100 ## - MAIN ENTRY--PERSONAL NAME
Personal name Donaldson, Julia and Scheffler, Axel
245 ## - TITLE STATEMENT
Title The Snail and the Whale /
Statement of responsibility, etc. Donaldson, Julia and Scheffler, Axel
260 ## - PUBLICATION, DISTRIBUTION, ETC.
Place of publication, distribution, etc. London :
Name of publisher, distributor, etc. Macmillan Children Books,
Date of publication, distribution, etc. 2003
300 ## - PHYSICAL DESCRIPTION
Extent 28 p. :
Other physical details ill. ;
Dimensions 17 cm.
942 ## - ADDED ENTRY ELEMENTS (KOHA)
Source of classification or shelving scheme Library of Congress Classification
Koha item type Non-Fiction
Suppress in OPAC No
Holdings
Withdrawn status Lost status Source of classification or shelving scheme Damaged status Not for loan Collection Home library Current library Shelving location Date acquired Source of acquisition Total Checkouts Full call number Barcode Date last seen Price effective from Koha item type Date last checked out
    Library of Congress Classification     Non-fiction Kapasa Makasa University Kapasa Makasa University Children's Area 04.07.2024 ZLS   PZ 7.D7245 Don 300847 04.07.2024 04.07.2024 Non-Fiction  
    Library of Congress Classification     Non-fiction Kapasa Makasa University Kapasa Makasa University Children's Area 04.07.2024 ZLS 1 PZ 7.D7245 Don 300846 29.09.2025 04.07.2024 Non-Fiction 24.09.2025
    Library of Congress Classification     Non-fiction Kapasa Makasa University Kapasa Makasa University Children's Area 04.07.2024 ZLS   PZ 7.D7245 Don 300817 04.07.2024 04.07.2024 Non-Fiction  
    Library of Congress Classification     Non-fiction Kapasa Makasa University Kapasa Makasa University Children's Area 04.07.2024 ZLS   PZ 7.D7245 Don 300818 04.07.2024 04.07.2024 Non-Fiction